| 000 | 00558nam a2200181Ia 4500 | ||
|---|---|---|---|
| 003 | IN-BaIIA | ||
| 008 | 211028s9999 xx 000 0 eng d | ||
| 040 | _cIIA Library | ||
| 080 |
_a519.644 _bSTR |
||
| 245 | 0 |
_aGaussian quadrature formulas _cedited by A. H. Stroud and Don Secrest |
|
| 260 |
_aNew Jersey _bPrentice-Hall _c1966 |
||
| 300 | _avi, 374p. | ||
| 650 |
_aMathematics _982 |
||
| 650 | _aNASA Thesaurus | ||
| 700 |
_aDon Secrest., ed. _912469 |
||
| 700 |
_aStroud, A. H., ed. _912470 |
||
| 942 | _cBK | ||
| 999 |
_c7286 _d7286 |
||